| 000 | 00667nam a2200217 a 4500 | ||
|---|---|---|---|
| 999 |
_c4195 _d4195 |
||
| 001 | 4195 | ||
| 003 | BD-JhCC | ||
| 005 | 20171123203656.0 | ||
| 008 | 171123s1967 bg |||| ||a| 000 0 ben d | ||
| 035 | _a(BD-JhCC)4195 | ||
| 040 |
_aBD-JhCC _dBD-JhCC |
||
| 041 | _aben | ||
| 082 |
_a491.445 _bSAL 1967 |
||
| 100 | _aসালেক, আহাম্মদ | ||
| 245 |
_aব্যবহারিক ভাষা ও রচনা / _cআহাম্মদ সালেক, |
||
| 260 |
_aঢাকা : _bমমতাজ পাবলিশাং হাউস, _c1967 |
||
| 300 |
_a522 p. : _c22 cm. |
||
| 650 | _aBengali Grammar | ||
| 942 |
_2ddc _cBK |
||